000 00492nam a2200169 i 4500
001 91483
003 ES-MaACL
005 20251005063058.0
007 t|
008 050131s1946 xxk ||||1| eng d
100 1 _aLewis, Sinclair,
_d1885-1951
_972071
245 1 0 _aCass Zimberlanc /
_cby Sinclair Lewis.
260 _aLondon :
_bJonathan Cage,
_c[1946] (
_eOxford :
_fAlden Press)
300 _a357 p. ;
_c20 cm.
852 _aES-MaACL
_jE-2028
_bR.22740
999 _c91483
_d91483